[Event "30. Ciudad de Sevilla 2014"]
[Site "Sevilla ESP"]
[Date "2014.01.11"]
[Round "2.7"]
[White "Van Der Weide, Karel"]
[Black "Preto, Daniel Filipe Rodri"]
[Result "1-0"]
[WhiteElo "2449"]
[BlackElo "2004"]
[PlyCount "103"]
[EventDate "2014.01.10"]
[EventType "swiss"]
[EventRounds "9"]
[EventCountry "ESP"]
[Source "lmi"]
[SourceDate "2014.01.10"]

1. e4 c6 2. d4 d5 3. e5 Bf5 4. Nf3 e6 5. Be2 c5 6. Be3 cxd4 7. Nxd4 Ne7 8. Nd2
Nbc6 9. N2f3 Be4 10. O-O Ng6 11. Nxc6 bxc6 12. Ng5 Be7 13. Nxe4 dxe4 14. Qd4
Qxd4 15. Bxd4 O-O 16. Rfe1 Bb4 17. c3 Be7 18. b4 a5 19. Bc4 axb4 20. cxb4 Bxb4
21. Rxe4 c5 22. Bb2 Rfd8 23. g3 Rd2 24. Rb1 h6 25. Bb3 Ne7 26. Rc4 Nf5 27. Bc3
Bxc3 28. Rxc3 Nd4 29. Rxc5 Nxb3 30. axb3 Raa2 31. Rf1 Rab2 32. Rc8+ Kh7 33. Rc3
Re2 34. Rf3 Rxe5 35. Rxf7 Rxb3 36. Ra1 Rf5 37. Raa7 Rxf7 38. Rxf7 Kg6 39. Rf8
Rb7 40. Kg2 Re7 41. Kf3 Rf7+ 42. Rxf7 Kxf7 43. Ke4 Kf6 44. h4 e5 45. h5 Ke6 46.
f3 Kf6 47. Kd5 Kf5 48. Kd6 e4 49. fxe4+ Kxe4 50. Ke6 Kf3 51. Kf7 Kg4 52. Kg6
1-0

[Event "30. Ciudad de Sevilla 2014"]
[Site "Sevilla ESP"]
[Date "2014.01.11"]
[Round "2.8"]
[White "Gimenez Iturralde, Daniel"]
[Black "Teran Alvarez, Ismael"]
[Result "0-1"]
[WhiteElo "2004"]
[BlackElo "2412"]
[PlyCount "52"]
[EventDate "2014.01.10"]
[EventType "swiss"]
[EventRounds "9"]
[EventCountry "ESP"]
[Source "lmi"]
[SourceDate "2014.01.10"]

1. e4 c5 2. Nf3 Nc6 3. d4 cxd4 4. Nxd4 Nf6 5. Nc3 d6 6. Bg5 Bd7 7. Qd2 Rc8 8.
f4 Nxd4 9. Qxd4 Qa5 10. Bd3 e5 11. Qe3 Rxc3 12. bxc3 Qxc3+ 13. Ke2 d5 14. h3
dxe4 15. Bxf6 exd3+ 16. cxd3 Qb2+ 17. Kf3 Bc6+ 18. Kg3 gxf6 19. Kh4 Be7 20. f5
Qb4+ 21. Kh5 Rg8 22. Rhb1 Qa4 23. g4 Rg5+ 24. Kh6 Bd8 25. Qc5 Qf4 26. Kxh7 Qg3
0-1

[Event "30. Ciudad de Sevilla 2014"]
[Site "Sevilla ESP"]
[Date "2014.01.11"]
[Round "2.9"]
[White "Simonian, Tigran"]
[Black "Herrera Ramirez, Daniel"]
[Result "1-0"]
[WhiteElo "2412"]
[BlackElo "1992"]
[PlyCount "42"]
[EventDate "2014.01.10"]
[EventType "swiss"]
[EventRounds "9"]
[EventCountry "ESP"]
[Source "lmi"]
[SourceDate "2014.01.10"]

1. c4 e5 2. Nc3 Nc6 3. Nf3 Nf6 4. g3 Bc5 5. Bg2 O-O 6. O-O Re8 7. a3 a5 8. d3
Nd4 9. Rb1 c6 10. e3 Nxf3+ 11. Bxf3 Bf8 12. e4 Bc5 13. b4 axb4 14. axb4 Bd6 15.
Be3 Qe7 16. Qb3 Bc7 17. Ra1 Rxa1 18. Rxa1 d6 19. b5 Be6 20. bxc6 bxc6 21. Ra7
Rb8 1-0

[Event "30. Ciudad de Sevilla 2014"]
[Site "Sevilla ESP"]
[Date "2014.01.11"]
[Round "2.10"]
[White "Borondo Garcia, Raul"]
[Black "Pogorelov, Ruslan"]
[Result "0-1"]
[WhiteElo "1996"]
[BlackElo "2377"]
[PlyCount "80"]
[EventDate "2014.01.10"]
[EventType "swiss"]
[EventRounds "9"]
[EventCountry "ESP"]
[Source "lmi"]
[SourceDate "2014.01.10"]

1. e4 c5 2. Nf3 e6 3. d4 cxd4 4. Nxd4 a6 5. Nc3 b5 6. Bd3 Qc7 7. O-O Bb7 8. Kh1
Nf6 9. Qe2 d6 10. f4 Nbd7 11. f5 e5 12. Nb3 Be7 13. a3 O-O 14. Bg5 Rfe8 15.
Rae1 Rac8 16. Qd2 h6 17. Be3 Bf8 18. Bg1 d5 19. exd5 Nxd5 20. Ne4 N5f6 21. Rf2
Bxe4 22. Bxe4 Nc5 23. Nxc5 Bxc5 24. Rfe2 Red8 25. Qc1 Bxg1 26. Rxg1 Nxe4 27.
Rxe4 Qxc2 28. Qe3 f6 29. Rg4 Qxf5 30. Rg3 Kh7 31. Qa7 Qd7 32. Qxa6 Rc5 33. Qa5
Rd5 34. h3 f5 35. Rc3 e4 36. Rc7 Qe6 37. Qc3 Qe5 38. Qc1 e3 39. Rc3 Rd2 40. Rc5
Qe4 0-1

[Event "30. Ciudad de Sevilla 2014"]
[Site "Sevilla ESP"]
[Date "2014.01.11"]
[Round "2.11"]
[White "Montero Melendez, Rafael"]
[Black "Rodriguez Rodriguez, Alvaro"]
[Result "1-0"]
[WhiteElo "2350"]
[BlackElo "1968"]
[PlyCount "75"]
[EventDate "2014.01.10"]
[EventType "swiss"]
[EventRounds "9"]
[EventCountry "ESP"]
[Source "lmi"]
[SourceDate "2014.01.10"]

1. c4 Nf6 2. g3 g6 3. Bg2 Bg7 4. Nc3 O-O 5. d4 d6 6. Nf3 Nbd7 7. O-O e5 8. e4
c6 9. h3 Qb6 10. Re1 exd4 11. Nxd4 Nc5 12. Nb3 Nfd7 13. Be3 Qc7 14. f4 Re8 15.
Bf2 Bf8 16. Nd4 a5 17. b3 Nb8 18. Qc2 Nba6 19. a3 Bg7 20. Rab1 Ne6 21. Nf3 Nec5
22. b4 axb4 23. axb4 Bxc3 24. Qxc3 Nxe4 25. Qc2 Nf6 26. Qb2 Qd8 27. Bd4 Nh5 28.
g4 Nxf4 29. Bh8 Rxe1+ 30. Rxe1 f6 31. Bxf6 Qf8 32. Bg7 Nd3 33. Qc3 Qf7 34. Qxd3
Qxg7 35. Re8+ Kf7 36. Qe3 Qa1+ 37. Kh2 g5 38. Qe7+ 1-0

[Event "30. Ciudad de Sevilla 2014"]
[Site "Sevilla ESP"]
[Date "2014.01.11"]
[Round "2.12"]
[White "Ataide Molina, Jose Maria"]
[Black "Padeiro, Jose"]
[Result "0-1"]
[WhiteElo "1970"]
[BlackElo "2337"]
[PlyCount "120"]
[EventDate "2014.01.10"]
[EventType "swiss"]
[EventRounds "9"]
[EventCountry "ESP"]
[Source "lmi"]
[SourceDate "2014.01.10"]

1. c4 e5 2. g3 Nc6 3. Bg2 g6 4. Nc3 Bg7 5. d3 d6 6. e4 Nge7 7. Nge2 O-O 8. O-O
f5 9. Rb1 a5 10. a3 Be6 11. Nd5 Qd7 12. b4 axb4 13. axb4 Nd8 14. Bg5 Nc8 15.
exf5 gxf5 16. b5 Kh8 17. Nb4 Ra7 18. Be3 b6 19. Qd2 Ne7 20. Bg5 Bf6 21. Bxf6+
Rxf6 22. f4 Ng6 23. Qc3 Qg7 24. fxe5 dxe5 25. d4 e4 26. Nf4 Nxf4 27. Rxf4 Rf7
28. Rc1 Ra4 29. Kh1 Rd7 30. Qb3 Rxb4 31. Qxb4 Rxd4 32. Bf1 Nb7 33. Be2 Nc5 34.
Rff1 Rd8 35. Rcd1 Nd3 36. Bxd3 exd3 37. Rf3 Qe5 38. Rf2 Qe4+ 39. Kg1 Bxc4 40.
Qb2+ Kg8 41. Qd2 Rf8 42. Re1 Qd4 43. Qg5+ Kh8 44. Qh6 Qf6 45. Qxf6+ Rxf6 46.
Re8+ Kg7 47. Re5 Rd6 48. Rd2 Kf6 49. Re8 Bxb5 50. Rf8+ Kg6 51. Kf2 c5 52. Ra8
c4 53. Ra3 Rc6 54. Rc3 Re6 55. Rb2 Ba6 56. Kf3 b5 57. h3 Kf6 58. g4 fxg4+ 59.
hxg4 Ke5 60. Ke3 Kd5+ 0-1

[Event "30. Ciudad de Sevilla 2014"]
[Site "Sevilla ESP"]
[Date "2014.01.11"]
[Round "2.13"]
[White "Lillo Castany, Victor"]
[Black "Coba Moncada, Jacinto"]
[Result "1-0"]
[WhiteElo "2315"]
[BlackElo "1961"]
[PlyCount "71"]
[EventDate "2014.01.10"]
[EventType "swiss"]
[EventRounds "9"]
[EventCountry "ESP"]
[Source "lmi"]
[SourceDate "2014.01.10"]

1. e4 d6 2. d4 Nf6 3. Nc3 e5 4. Nf3 Nbd7 5. Bc4 Be7 6. O-O O-O 7. Re1 c6 8. a4
Qc7 9. h3 Re8 10. a5 b5 11. axb6 Nxb6 12. Ba2 Bf8 13. Bg5 Nfd7 14. Qd2 Be7 15.
Rad1 Nf8 16. Ne2 Ne6 17. Bxe7 Rxe7 18. Ng3 Re8 19. dxe5 dxe5 20. Qc3 Nf8 21.
Nf5 Be6 22. Bxe6 Rxe6 23. Rd2 g6 24. Ng5 gxf5 25. Nxe6 fxe6 26. exf5 Nd5 27.
Qxe5 Qxe5 28. Rxe5 exf5 29. Rxf5 Re8 30. c4 Nb6 31. b3 Re7 32. Rd6 Re1+ 33. Kh2
Rb1 34. Rxc6 Rxb3 35. c5 Nbd7 36. Rc8 1-0

[Event "30. Ciudad de Sevilla 2014"]
[Site "Sevilla ESP"]
[Date "2014.01.11"]
[Round "2.14"]
[White "Vallbona Domingo, Joan"]
[Black "Diaz Castro, Sergio"]
[Result "0-1"]
[WhiteElo "1968"]
[BlackElo "2256"]
[PlyCount "64"]
[EventDate "2014.01.10"]
[EventType "swiss"]
[EventRounds "9"]
[EventCountry "ESP"]
[Source "lmi"]
[SourceDate "2014.01.10"]

1. Nf3 d5 2. c4 c6 3. b3 Nf6 4. Bb2 Bf5 5. g3 e6 6. Bg2 Nbd7 7. O-O Bd6 8. d4
O-O 9. Nbd2 Qe7 10. Nh4 Bg4 11. h3 Bh5 12. f4 Rad8 13. Qe1 Bb4 14. a3 Bxd2 15.
Qxd2 Bg6 16. Nxg6 hxg6 17. Qc2 Nh5 18. Kh2 f5 19. a4 Rf7 20. Ba3 Qf6 21. Rad1
g5 22. e3 Qh6 23. Qf2 Ndf6 24. Rh1 Nxf4 25. Kg1 Nxg2 26. Kxg2 Ne4 27. Qe1 f4
28. exf4 gxf4 29. Bc1 Qg6 30. g4 f3+ 31. Kh2 f2 32. Qe3 Rdf8 0-1

[Event "30. Ciudad de Sevilla 2014"]
[Site "Sevilla ESP"]
[Date "2014.01.11"]
[Round "2.15"]
[White "Melero Fidalgo, Juan De Dios"]
[Black "Fernandez Quintero, Jose Anton"]
[Result "1/2-1/2"]
[WhiteElo "2245"]
[BlackElo "1952"]
[PlyCount "76"]
[EventDate "2014.01.10"]
[EventType "swiss"]
[EventRounds "9"]
[EventCountry "ESP"]
[Source "lmi"]
[SourceDate "2014.01.10"]

1. g3 e5 2. c4 Nc6 3. Bg2 f5 4. Nc3 Nf6 5. a3 Be7 6. e3 O-O 7. Nge2 d6 8. d3
Qe8 9. h3 Kh8 10. b4 Nd8 11. O-O Qh5 12. f4 Ne6 13. d4 e4 14. d5 Nd8 15. Nd4
Qg6 16. Qe1 a6 17. Bb2 h5 18. Kh2 Nf7 19. Rg1 Nh6 20. Bf1 Bd7 21. Be2 c6 22.
dxc6 bxc6 23. Qd2 Qf7 24. Rgc1 c5 25. bxc5 dxc5 26. Nb3 Rfd8 27. Qc2 Rab8 28.
a4 Be6 29. Nd1 Nd7 30. Na5 Rb6 31. Rab1 h4 32. Bc3 hxg3+ 33. Kg2 Rdb8 34. Be1
Bh4 35. Nc3 Rxb1 36. Nxb1 Bf6 37. Nc3 g5 38. fxg5 Bxg5 1/2-1/2

[Event "30. Ciudad de Sevilla 2014"]
[Site "Sevilla ESP"]
[Date "2014.01.11"]
[Round "2.16"]
[White "Lopez Munoz, Manuel"]
[Black "Gallardo Fernandez, Cesar"]
[Result "1/2-1/2"]
[WhiteElo "1962"]
[BlackElo "2244"]
[PlyCount "90"]
[EventDate "2014.01.10"]
[EventType "swiss"]
[EventRounds "9"]
[EventCountry "ESP"]
[Source "lmi"]
[SourceDate "2014.01.10"]

1. Nf3 e6 2. g3 c5 3. Bg2 Nc6 4. d4 Nf6 5. O-O a6 6. c4 cxd4 7. Nxd4 Bc5 8. Nc2
O-O 9. Nc3 Rb8 10. a3 Be7 11. b4 d6 12. Bb2 Qc7 13. Rc1 b6 14. Ne3 Ne5 15. Ne4
Bb7 16. Nxf6+ Bxf6 17. Qb3 Bxg2 18. Nxg2 Rfc8 19. Ne3 Qb7 20. Bxe5 Bxe5 21. Ng4
Qe4 22. Nxe5 Qxe5 23. Qd3 Rd8 24. Rfd1 g6 25. c5 bxc5 26. bxc5 dxc5 27. Qxd8+
Rxd8 28. Rxd8+ Kg7 29. Rc8 Qb2 30. R8xc5 Qxa3 31. e3 h5 32. R5c3 Qb2 33. h4 Kf6
34. R3c2 Qb7 35. Rc7 Qf3 36. R1c4 g5 37. R7c5 Qd1+ 38. Kh2 gxh4 39. Rxh4 Kg6
40. Kg2 f5 41. Ra5 Kg5 42. Rxa6 Qd5+ 43. Kh2 Qd2 44. Kg2 Qd5+ 45. Kh2 Qd2
1/2-1/2

[Event "30. Ciudad de Sevilla 2014"]
[Site "Sevilla ESP"]
[Date "2014.01.11"]
[Round "2.17"]
[White "Prados Montano, Antonio"]
[Black "De Dios Ortega, Juan Manuel"]
[Result "1-0"]
[WhiteElo "2240"]
[BlackElo "1947"]
[PlyCount "119"]
[EventDate "2014.01.10"]
[EventType "swiss"]
[EventRounds "9"]
[EventCountry "ESP"]
[Source "lmi"]
[SourceDate "2014.01.10"]

1. e4 d6 2. d4 Nf6 3. Nc3 e5 4. Nf3 Nbd7 5. Bc4 Be7 6. O-O O-O 7. a4 a5 8. h3
c6 9. Ba2 b6 10. Re1 Bb7 11. Bg5 Nh5 12. Be3 Nhf6 13. Qe2 Ba6 14. Qd2 Qc7 15.
Bg5 exd4 16. Nxd4 Ne5 17. Nf5 Rfe8 18. Bxf6 Bxf6 19. Qxd6 Qxd6 20. Nxd6 Red8
21. Rad1 Be7 22. Nf5 Bc5 23. Rxd8+ Rxd8 24. Rd1 Rxd1+ 25. Nxd1 Bc4 26. Bxc4
Nxc4 27. b3 Nd2 28. Ng3 Bd6 29. Nc3 g6 30. Nge2 Bc5 31. g3 Nf3+ 32. Kf1 Kg7 33.
e5 Nxe5 34. Ne4 Be7 35. f4 Nd7 36. Nd4 c5 37. Nc6 Kf8 38. Kf2 f5 39. Nc3 Nf6
40. Kf3 Ke8 41. Ne5 Bd8 42. g4 fxg4+ 43. hxg4 Bc7 44. Nc4 Kd7 45. g5 Nh5 46.
Nd5 Kc6 47. Nce3 Bd6 48. Kg4 Ng7 49. Nf6 Ne6 50. f5 gxf5+ 51. Kxf5 Nf8 52. Nxh7
b5 53. c4 bxa4 54. bxa4 Nxh7 55. g6 Bf8 56. gxh7 Bg7 57. Ke6 Kc7 58. Nf5 Bc3
59. Kf7 Kd7 60. Ng7 1-0

[Event "30. Ciudad de Sevilla 2014"]
[Site "Sevilla ESP"]
[Date "2014.01.11"]
[Round "2.18"]
[White "Morillo-velarde Gallego, Anton"]
[Black "Gonzalez Galvan, Juan Manuel"]
[Result "0-1"]
[WhiteElo "1960"]
[BlackElo "2238"]
[PlyCount "76"]
[EventDate "2014.01.10"]
[EventType "swiss"]
[EventRounds "9"]
[EventCountry "ESP"]
[Source "lmi"]
[SourceDate "2014.01.10"]

1. e4 c5 2. Nf3 Nc6 3. g3 g6 4. Bg2 Bg7 5. O-O e5 6. d3 Nge7 7. Nbd2 O-O 8. a4
d6 9. Nc4 h6 10. Re1 Be6 11. Ne3 f5 12. exf5 gxf5 13. Nh4 f4 14. Nf1 Qd7 15. c3
Rae8 16. Nd2 d5 17. Nb3 b6 18. a5 c4 19. dxc4 dxc4 20. Qxd7 Bxd7 21. Nd2 Nxa5
22. Ne4 Bc6 23. gxf4 exf4 24. Nd6 Rd8 25. Bxc6 Nexc6 26. Ndf5 Rd5 27. Nxg7 Kxg7
28. Kg2 Ne5 29. Nf3 Nd3 30. Re4 Rf7 31. Nd4 Kh7 32. f3 Rg5+ 33. Kf1 Rg1+ 34.
Ke2 Rg2+ 35. Kd1 Nf2+ 36. Ke1 Nxe4 37. fxe4 Rxh2 38. Nf3 Rh1+ 0-1

[Event "30. Ciudad de Sevilla 2014"]
[Site "Sevilla ESP"]
[Date "2014.01.11"]
[Round "2.19"]
[White "Calle Fuentes, Jose Luis"]
[Black "Congiu, Mathilde"]
[Result "0-1"]
[WhiteElo "1956"]
[BlackElo "2226"]
[PlyCount "104"]
[EventDate "2014.01.10"]
[EventType "swiss"]
[EventRounds "9"]
[EventCountry "ESP"]
[Source "lmi"]
[SourceDate "2014.01.10"]

1. e4 d5 2. exd5 Qxd5 3. Nc3 Qa5 4. d4 Nf6 5. Bc4 Bg4 6. Nge2 Nbd7 7. h3 Bh5 8.
Bd2 Qb6 9. a4 Qc6 10. Bd3 Qxg2 11. Rf1 e5 12. Nb5 O-O-O 13. Ba5 b6 14. Bc3 e4
15. Bc4 a6 16. Na3 Bxa3 17. bxa3 Qxh3 18. Bxa6+ Kb8 19. Qd2 Ne5 20. O-O-O Nf3
21. Qf4 Nd5 22. Qg3 Qxg3 23. fxg3 Ne3 24. Nf4 Nxd1 25. Rxd1 Bg4 26. d5 f6 27.
a5 Ka7 28. axb6+ Kxa6 29. bxc7 Rd7 30. d6 Kb7 31. Rd5 Ra8 32. Bb4 Rxc7 33. dxc7
Kxc7 34. Rc5+ Kd7 35. Nd5 Ra7 36. Nb6+ Ke6 37. Nc4 Nd4 38. Ne3 h5 39. Rc4 Ne2+
40. Kd2 Rd7+ 41. Ke1 Nxg3 42. Kf2 Nh1+ 43. Kg1 Bf3 44. Rc6+ Ke5 45. Bd6+ Rxd6
46. Nc4+ Kd5 47. Rxd6+ Kxc4 48. Rd7 e3 49. Kf1 Ng3+ 50. Ke1 Nf5 51. Rc7+ Kd5
52. a4 Nh4 0-1

[Event "30. Ciudad de Sevilla 2014"]
[Site "Sevilla ESP"]
[Date "2014.01.11"]
[Round "2.20"]
[White "Sgnaolin, Davide"]
[Black "Jimenez Romero, Jose Antonio"]
[Result "1-0"]
[WhiteElo "2221"]
[BlackElo "1939"]
[PlyCount "55"]
[EventDate "2014.01.10"]
[EventType "swiss"]
[EventRounds "9"]
[EventCountry "ESP"]
[Source "lmi"]
[SourceDate "2014.01.10"]

1. c4 Nf6 2. Nf3 d6 3. g3 g6 4. Bg2 Bg7 5. Nc3 c6 6. d4 Qc7 7. O-O O-O 8. e4
Bg4 9. h3 Bxf3 10. Qxf3 Nbd7 11. Be3 e5 12. d5 c5 13. Qe2 Nh5 14. Rab1 a6 15.
a3 Rab8 16. Rfc1 b6 17. Bf3 Nhf6 18. h4 Kh8 19. h5 gxh5 20. Bxh5 Nxh5 21. Qxh5
Nf6 22. Qh4 Rg8 23. Kg2 Nd7 24. Rh1 Nf8 25. Rh2 f6 26. Rbh1 h6 27. Bxh6 Nh7 28.
Be3 1-0

[Event "30. Ciudad de Sevilla 2014"]
[Site "Sevilla ESP"]
[Date "2014.01.12"]
[Round "3.1"]
[White "Mcmahon, Daire"]
[Black "Turov, Maxim"]
[Result "0-1"]
[WhiteElo "2157"]
[BlackElo "2586"]
[PlyCount "59"]
[EventDate "2014.01.10"]
[EventType "swiss"]
[EventRounds "9"]
[EventCountry "ESP"]
[Source "lmi"]
[SourceDate "2014.01.10"]

1. d4 Nf6 2. c4 e6 3. Nc3 Bb4 4. e3 O-O 5. Nge2 d5 6. a3 Bd6 7. c5 Be7 8. Nf4
b6 9. b4 c6 10. Nd3 Ba6 11. Be2 Qc8 12. O-O Nbd7 13. f4 Ne8 14. Bd2 Bc4 15. Qc2
Nc7 16. Rfe1 f6 17. a4 e5 18. fxe5 fxe5 19. dxe5 bxc5 20. bxc5 Qe8 21. Rab1 a5
22. Rb7 Ne6 23. Bg4 Nexc5 24. Nxc5 Nxc5 25. Rc7 Bd8 26. Rc8 Rxc8 27. Bxc8 Qxe5
28. Bg4 Bc7 29. g3 Qg5 30. Qd1 0-1

[Event "30. Ciudad de Sevilla 2014"]
[Site "Sevilla ESP"]
[Date "2014.01.12"]
[Round "3.2"]
[White "Haslinger, Stewart G"]
[Black "Severijnen, Arjon"]
[Result "1-0"]
[WhiteElo "2548"]
[BlackElo "2147"]
[PlyCount "39"]
[EventDate "2014.01.10"]
[EventType "swiss"]
[EventRounds "9"]
[EventCountry "ESP"]
[Source "lmi"]
[SourceDate "2014.01.10"]

1. e4 c5 2. Nf3 Nc6 3. d4 cxd4 4. Nxd4 Nf6 5. Nc3 e6 6. Ndb5 Bb4 7. a3 Bxc3+ 8.
Nxc3 d5 9. exd5 exd5 10. Bd3 O-O 11. O-O d4 12. Ne2 Re8 13. b4 Nd5 14. Qd2 Bg4
15. f3 Bh5 16. Bb2 a6 17. Rf2 Kh8 18. Nxd4 Ndxb4 19. Nf5 Nxd3 20. Qh6 1-0

[Event "30. Ciudad de Sevilla 2014"]
[Site "Sevilla ESP"]
[Date "2014.01.12"]
[Round "3.3"]
[White "Gomez Rebollo, Alfonso Carlos"]
[Black "Matamoros Franco, Carlos S"]
[Result "0-1"]
[WhiteElo "2150"]
[BlackElo "2531"]
[PlyCount "116"]
[EventDate "2014.01.10"]
[EventType "swiss"]
[EventRounds "9"]
[EventCountry "ESP"]
[Source "lmi"]
[SourceDate "2014.01.10"]

1. e4 e6 2. d4 d5 3. Nd2 Nc6 4. Ngf3 Nf6 5. e5 Nd7 6. c3 f6 7. Bb5 fxe5 8. dxe5
Be7 9. Nd4 Ndxe5 10. f4 a6 11. Qh5+ Kd7 12. Bxc6+ Nxc6 13. N2f3 Bf6 14. Be3 Qe8
15. Qh3 b6 16. b4 Nxd4 17. Bxd4 Kc6 18. Ne5+ Kb7 19. O-O a5 20. a4 axb4 21.
cxb4 Bd7 22. b5 Qe7 23. Rfc1 Rhc8 24. Qe3 Bxe5 25. Bxe5 Qb4 26. Rcb1 Qc4 27.
Rc1 Qb4 28. Rcb1 Qc4 29. Rc1 Qe4 30. Qb3 g5 31. Re1 Qf5 32. Qb4 gxf4 33. a5
bxa5 34. Rxa5 f3 35. gxf3 Qxf3 36. Rxa8 Rxa8 37. Qc5 Rg8+ 38. Bg3 Rxg3+ 39.
hxg3 Qxg3+ 40. Kf1 Qf3+ 41. Kg1 Qg3+ 42. Kf1 Qd6 43. Qxd6 cxd6 44. Re3 Kb6 45.
Rb3 e5 46. Kg2 h5 47. Rg3 Bxb5 48. Rg6 Kc5 49. Rh6 d4 50. Rxh5 Kc4 51. Rh6 d5
52. Rh8 e4 53. Rc8+ Kd3 54. Rc1 e3 55. Rd1+ Ke4 56. Rb1 Bc4 57. Rb8 d3 58. Re8+
Kd4 0-1

[Event "30. Ciudad de Sevilla 2014"]
[Site "Sevilla ESP"]
[Date "2014.01.12"]
[Round "3.4"]
[White "Narciso Dublan, Marc"]
[Black "Moncayo Romero, Evelyn"]
[Result "1-0"]
[WhiteElo "2521"]
[BlackElo "2144"]
[PlyCount "103"]
[EventDate "2014.01.10"]
[EventType "swiss"]
[EventRounds "9"]
[EventCountry "ESP"]
[Source "lmi"]
[SourceDate "2014.01.10"]

1. d4 Nf6 2. c4 c5 3. d5 e6 4. Nc3 exd5 5. cxd5 d6 6. e4 g6 7. Nge2 Bg7 8. Ng3
O-O 9. Be2 a6 10. a4 Re8 11. O-O h5 12. f3 h4 13. Nh1 Nh5 14. Be3 f5 15. Qd2 f4
16. Bxf4 Nxf4 17. Qxf4 Rf8 18. Qd2 g5 19. Nf2 Nd7 20. a5 Ne5 21. Na4 h3 22. Nb6
hxg2 23. Kxg2 Rb8 24. Rg1 Qf6 25. Kh1 Nxf3 26. Bxf3 Qxf3+ 27. Rg2 Rf4 28. Ra3
Qh5 29. Rag3 Rxf2 30. Rxf2 Bg4 31. Nc4 Bd4 32. Rf5 Bxf5 33. Rxg5+ Bg6 34. Rxh5
Bxe4+ 35. Qg2+ Bxg2+ 36. Kxg2 Kg7 37. Rh3 Rd8 38. Rb3 Rd7 39. Kf3 Kf6 40. Ke4
Re7+ 41. Kd3 Rh7 42. h4 Be5 43. h5 Kg5 44. Nxe5 dxe5 45. Ke4 Rxh5 46. Kxe5 Kg4+
47. Ke6 Rh6+ 48. Kd7 Kf5 49. Rxb7 Ke5 50. Rb6 Rh7+ 51. Kc6 c4 52. d6 1-0

[Event "30. Ciudad de Sevilla 2014"]
[Site "Sevilla ESP"]
[Date "2014.01.12"]
[Round "3.5"]
[White "Ferrer Garcia, Isaac"]
[Black "Campora, Daniel H"]
[Result "0-1"]
[WhiteElo "2144"]
[BlackElo "2460"]
[PlyCount "90"]
[EventDate "2014.01.10"]
[EventType "swiss"]
[EventRounds "9"]
[EventCountry "ESP"]
[Source "lmi"]
[SourceDate "2014.01.10"]

1. d4 Nf6 2. Nf3 d5 3. c3 Bf5 4. Qb3 Qc8 5. Bf4 e6 6. e3 Be7 7. Be2 O-O 8. O-O
Nbd7 9. c4 dxc4 10. Bxc4 c6 11. Nc3 Nb6 12. Be2 Nbd5 13. Bg3 Nxc3 14. Qxc3 Ne4
15. Qa5 Nxg3 16. hxg3 Rd8 17. Rac1 Qb8 18. Qc3 a5 19. a3 Qa7 20. Rfd1 Qb6 21.
Ne5 a4 22. Bd3 Bxd3 23. Rxd3 Qb5 24. Rd2 h6 25. Nd3 Rd5 26. Rdc2 Qb6 27. Qd2
Rad8 28. Qe2 Qa7 29. Rc4 Ra5 30. R1c3 Bf8 31. Rc1 Bd6 32. Nc5 e5 33. Ne4 Bc7
34. dxe5 Bxe5 35. Nc5 Rd5 36. Qc2 g6 37. Nxa4 b5 38. Rxc6 bxa4 39. Rc8+ Kh7 40.
Qc6 Qd7 41. Qb6 Rab5 42. Qa6 Bxg3 43. Qxa4 Bxf2+ 44. Kf1 Bxe3 45. Qa8 Qf5+ 0-1

[Event "30. Ciudad de Sevilla 2014"]
[Site "Sevilla ESP"]
[Date "2014.01.12"]
[Round "3.6"]
[White "Ducarmon, Quinten"]
[Black "Silva Lucena, Cristian"]
[Result "1-0"]
[WhiteElo "2456"]
[BlackElo "2126"]
[PlyCount "41"]
[EventDate "2014.01.10"]
[EventType "swiss"]
[EventRounds "9"]
[EventCountry "ESP"]
[Source "lmi"]
[SourceDate "2014.01.10"]

1. e4 c5 2. Nf3 e6 3. d4 cxd4 4. Nxd4 Nf6 5. Nc3 d6 6. Be2 a6 7. O-O Nbd7 8. f4
b5 9. Bf3 Bb7 10. Re1 Rc8 11. a4 bxa4 12. Rxa4 Rxc3 13. bxc3 Nc5 14. Rb4 Bxe4
15. f5 Qa8 16. fxe6 Be7 17. Nf5 Qa7 18. Bxe4 Ncxe4+ 19. Be3 Qc7 20. exf7+ Kxf7
21. Rxe4 1-0

[Event "30. Ciudad de Sevilla 2014"]
[Site "Sevilla ESP"]
[Date "2014.01.12"]
[Round "3.7"]
[White "Ballon, Guenther"]
[Black "Van Der Weide, Karel"]
[Result "0-1"]
[WhiteElo "2126"]
[BlackElo "2449"]
[PlyCount "60"]
[EventDate "2014.01.10"]
[EventType "swiss"]
[EventRounds "9"]
[EventCountry "ESP"]
[Source "lmi"]
[SourceDate "2014.01.10"]

1. d4 Nf6 2. c4 g6 3. Nc3 Bg7 4. e4 d6 5. f3 O-O 6. Bg5 c5 7. d5 h6 8. Be3 e6
9. Qd2 exd5 10. cxd5 h5 11. Nge2 Nbd7 12. Nc1 Ne5 13. Be2 Nh7 14. O-O f5 15. f4
Ng4 16. Bxg4 hxg4 17. exf5 Bxf5 18. N1e2 Qd7 19. Rae1 b5 20. Ng3 Nf6 21. Bf2
Rae8 22. Rxe8 Rxe8 23. Re1 b4 24. Nd1 Rxe1+ 25. Bxe1 Qe8 26. Nxf5 gxf5 27. Bh4
Qe4 28. Bxf6 Bxf6 29. b3 Bd4+ 30. Kh1 Qxd5 0-1

[Event "30. Ciudad de Sevilla 2014"]
[Site "Sevilla ESP"]
[Date "2014.01.12"]
[Round "3.8"]
[White "Teran Alvarez, Ismael"]
[Black "Romero Sanchez, Jesus"]
[Result "1-0"]
[WhiteElo "2412"]
[BlackElo "2121"]
[PlyCount "79"]
[EventDate "2014.01.10"]
[EventType "swiss"]
[EventRounds "9"]
[EventCountry "ESP"]
[Source "lmi"]
[SourceDate "2014.01.10"]

1. e4 e5 2. Nf3 Nc6 3. Bb5 Nge7 4. c3 d6 5. d4 Bd7 6. Nbd2 Ng6 7. h4 Be7 8. g3
Bf6 9. d5 Nb8 10. Bd3 a5 11. Nc4 h6 12. Nh2 Nf8 13. Ng4 Nh7 14. Qf3 Be7 15. O-O
h5 16. Nh2 Nf6 17. Qe2 Bh3 18. Re1 Nbd7 19. Nf3 Nc5 20. Bc2 a4 21. Ng5 Bg4 22.
f3 Bd7 23. Be3 b6 24. b4 axb3 25. axb3 O-O 26. b4 Na4 27. Ra3 b5 28. Na5 Qe8
29. Bd3 Nb6 30. Rea1 Rb8 31. Nb3 Nh7 32. Ra7 Bd8 33. Na5 Nxg5 34. hxg5 f6 35.
Nc6 Bxc6 36. dxc6 Qxc6 37. Bxb5 Qxc3 38. g6 Nc8 39. Bc4+ Kh8 40. f4 1-0

[Event "30. Ciudad de Sevilla 2014"]
[Site "Sevilla ESP"]
[Date "2014.01.12"]
[Round "3.9"]
[White "Fernandez Rodriguez, Jose A"]
[Black "Simonian, Tigran"]
[Result "0-1"]
[WhiteElo "2114"]
[BlackElo "2412"]
[PlyCount "100"]
[EventDate "2014.01.10"]
[EventType "swiss"]
[EventRounds "9"]
[EventCountry "ESP"]
[Source "lmi"]
[SourceDate "2014.01.10"]

1. f4 d5 2. g3 c5 3. Nf3 Nc6 4. Bg2 Bg4 5. d3 e6 6. O-O Nf6 7. Nc3 Be7 8. h3
Bxf3 9. Bxf3 a6 10. e4 d4 11. Ne2 e5 12. g4 Nd7 13. a3 exf4 14. Nxf4 Nde5 15.
Nd5 Bd6 16. Bf4 Ng6 17. Bxd6 Qxd6 18. Qe1 O-O 19. Kg2 Nce7 20. Qg3 Ne5 21. Rae1
b5 22. g5 c4 23. Nxe7+ Qxe7 24. Be2 Rac8 25. Rf5 Rfe8 26. Ref1 a5 27. h4 a4 28.
R1f2 c3 29. bxc3 Rxc3 30. Qf4 Ng6 31. Qg3 Rxc2 32. Rxb5 Qxa3 33. h5 Nf8 34. Qf4
Qe7 35. Re5 Ne6 36. Qf5 g6 37. hxg6 hxg6 38. Qg4 Rxe2 39. Rxe2 Nf4+ 40. Qxf4
Qxe5 41. Qh4 a3 42. Kf3 Ra8 43. Rh2 Ra5 44. Qf4 Qxf4+ 45. Kxf4 Kf8 46. e5 Ke7
47. Ke4 Ra4 48. Kf4 Kd7 49. Kf3 Kc6 50. Ke4 Kc5 0-1